Statystyki dla wszystkie litery a-z

Kliknij tutaj aby rozwiązać quiz!

Ogólne statystyki

  • Ten quiz został rozwiązany 74 razy
  • Średni wynik to 22 z 26

Statystyki odpowiedzi

literawpisz litere% Poprawnych
aa
100%
bb
94%
cc
94%
dd
92%
ee
90%
ff
90%
gg
90%
hh
90%
ii
90%
jj
90%
kk
90%
ll
90%
mm
90%
nn
90%
oo
90%
pp
88%
rr
86%
ss
86%
tt
84%
uu
82%
vv
76%
ww
72%
xx
62%
yy
60%
zz
60%
qq
58%

Rozkład punktacji

Percentyl według liczby udzielonych odpowiedzi

Procent ludzi z każdym wynikiem

Twoja historia wyników

Nie rozwiązałeś tego quizu